000 00993nam a22002657a 4500
005 20240530110902.0
008 220214s2007 ua g 000 0 ara d
017 _a2007/5179
_bمصر. دار الكتب
020 _a9773131793
040 _aEG-CaGPL
_cEG-CaGPL
082 0 4 _221
_a320.956/
_bو م
110 0 _aوحدة البحوث بمركز المحروسة
245 1 2 _aمبادرات الاصلاح فى الشرق الاوسط /
_cاحمد تاج الدين
250 _aط. 1
260 _aالقاهرة :
_bمركز المحروسة للنشر والخدمات الصحفية والمعلومات،
_c2007
300 _a346ص. ؛
_c24سم
650 0 7 _2qrmak
650 0 7 _2qrmak
_aالاحزاب السياسية
650 0 7 _aالحزب الوطنى
_2qrmak
650 0 7 _2qrmak
_aالمواطنة
651 _2qrmak
_aالدول العربية
653 _aالشرق الاوسط الكبير
942 _2ddc
_cBK
999 _c66141
_d66141